100 Punk Rock Bands - Statistics

General Stats
  • This quiz has been taken 142 times
  • The average score is 16 of 100
Answer Stats
Answer % Correct
Green Day
76%
Sex Pistols
76%
Blink 182
71%
The Clash
66%
The Ramones
65%
Black Flag
55%
Dead Kennedys
49%
The Offspring
48%
Rancid
45%
NOFX
44%
Bad Brains
38%
Bad Religion
37%
Minor Threat
37%
Misfits
37%
The Stooges
34%
Fugazi
33%
Descendents
29%
The Damned
28%
Buzzcocks
27%
Circle Jerks
26%
Pennywise
26%
The Exploited
26%
X
26%
Blondie
25%
New York Dolls
22%
The Germs
20%
Television
19%
Agent Orange
18%
Crass
18%
Social Distortion
18%
Minutemen
17%
Suicidal Tendencies
17%
Adolescents
16%
Anti-Flag
16%
Dead Boys
13%
Hüsker Dü
13%
Rise Against
13%
Agnostic Front
12%
Bikini Kill
12%
Fear
12%
Lagwagon
12%
Sham 69
12%
The Stranglers
12%
Death
11%
G.B.H.
11%
The Adverts
11%
T.S.O.L.
11%
UK Subs
11%
Stiff Little Fingers
9%
Discharge
8%
D.O.A.
8%
MC5
8%
The Dictators
8%
The Distillers
8%
X-Ray Spex
8%
The Casualties
7%
The Dickies
7%
The Undertones
7%
The Vandals
7%
The Velvet Underground
7%
999
6%
Butthole Surfers
6%
Generation X
6%
The Replacements
6%
Wire
6%
Cockney Rejects
5%
Dropkick Murphys
5%
Millencolin
5%
The Pogues
5%
Cock Sparrer
4%
Killing Joke
4%
The Vibrators
4%
Toy Dolls
4%
The Hives
3%
The Rezillos
3%
Zero Boys
3%
Meat Puppets
2%
Patti Smith Group
2%
Richard Hell and The Voidoids
2%
The Weirdos
2%
Angelic Upstarts
1%
Anti-Nowhere League
1%
Die Toten Hosen
1%
The Avengers
1%
The Modern Lovers
1%
The Monks
1%
The Sonics
1%
The Zeros
1%
Chaos UK
0%
Conflict
0%
Disorder
0%
Plasmatics
0%
Ratos de Porão
0%
The Go-Go's
0%
The Lurkers
0%
The Murder Junkies
0%
The Seeds
0%
The Varukers
0%
The Voodoo Dolls
0%
Vice Squad
0%
No matching quizzes found
Score Distribution
Percent of People with Each Score
Percentile by Number Answered
Your Score History
You have not taken this quiz